International economics
Saved in:
| Main Author: | |
|---|---|
| Format: | Book |
| Language: | English |
| Published: |
McGraw-Hill,
2014
|
| Tags: |
Add Tag
No Tags, Be the first to tag this record!
|
MARC
| LEADER | 00000nam a22000007a 4500 | ||
|---|---|---|---|
| 008 | 210419b ||||| |||| 00| 0 eng d | ||
| 020 | |a 978-1-259-01057-6 | ||
| 100 | |a APPLEYARD, Dennis R. | ||
| 245 | |a International economics |c Dennis R. Appleyard, Alfred J. Field, Jr. |g xxiv: 824p | ||
| 250 | |b 8th ed | ||
| 260 | |b McGraw-Hill, |c 2014 |h New York |i 689690 |l HF1359 .Ap5 |m International economic relations |m International trade |m International finance | ||
| 942 | |a lcc |c BK |e ADEKANYE, I. H. |f 19/04/2021 | ||
| 952 | |0 0 |1 0 |2 lcc |4 0 |6 HF1359 A P5 |7 0 |9 2205 |a HOL |b HOL |c GJ |d 2021-04-19 |l 0 |o HF1359 .Ap5 |p 2021-6059 |r 2021-04-19 00:00:00 |w 2021-04-19 |y BK | ||
| 999 | |c 1150 |d 1150 | ||